00328nam a2200121Ia 4500008004100000041000800041082001500049100001600064245004500080250001400125260003900139300002800178240624s9999 xx 000 0 und d aeng a658.45 MUN aMUNTER MARY aGUIDE TO MANAGERIAL COMMUNICAITON EFFECT a(7th ed.) c2008aNew DelhibPearson Education ax, : 193 : p. : cm ; 22